Estudio realizado por el IIS: [La situación de la Facultad de Ciencias Sociales de la UCR en el contexto universitario] /

Salvato in:
Dettagli Bibliografici
Autore principale: Vásquez Berrios, Rodolfo
Altri autori: Solís Avendaño, Manuel Antonio, Barrantes Zamora, Emmanuel A.
Natura: testo
Pubblicazione: San José :
Tags: Aggiungi Tag
Nessun Tag, puoi essere il primo ad aggiungerne!!

MARC

LEADER 00000 a a2200000 04500
001 16534
003
040
090 |a 012400  
100 |a Vásquez Berrios, Rodolfo  
245 |a Estudio realizado por el IIS: [La situación de la Facultad de Ciencias Sociales de la UCR en el contexto universitario] /  |c Rodolfo Vásquez Berrios 
260 |a San José :  
300 |a 33 p.  
700 |a Solís Avendaño, Manuel Antonio  
700 |a Barrantes Zamora, Emmanuel A.  
999 |c 7687  |d 7687